| 000 | 00573nam a22001577a 4500 | ||
|---|---|---|---|
| 003 | OSt | ||
| 005 | 20190123142913.0 | ||
| 008 | 190123b xxu||||| |||| 00| 0 eng d | ||
| 040 | _cRUA | ||
| 082 | _aAGR THA 2017 B625 Or.1 | ||
| 100 |
_913426 _aTHAN CHANTHY ថាន ច័ន្ទធី |
||
| 245 | _acomparison of corn (Zea mays ) varieties under dry season condition ការប្រៀធៀបជូពោតក្រោមលក្ខណ្ឌរដូវប្រាំ | ||
| 260 |
_aphnom penh _bRUA _c2017 |
||
| 300 |
_axii;40p _bill; _c29cm; |
||
| 942 |
_2ddc _cAGR |
||
| 999 |
_c17766 _d17766 |
||